The Moynihan report and the politics of controversy : (Record no. 35665)
[ view plain ]
| 000 -LEADER | |
|---|---|
| fixed length control field | 01187nam a22002891 4500 |
| 001 - CONTROL NUMBER | |
| control field | 35665 |
| 003 - CONTROL NUMBER IDENTIFIER | |
| rucl marc code | BD-RjUL |
| 005 - DATE AND TIME OF LATEST TRANSACTION | |
| control field | 20211209052347.0 |
| 008 - FIXED-LENGTH DATA ELEMENTS--GENERAL INFORMATION | |
| fixed length control field | 140529s1967 maua b 001 0 eng |
| 035 ## - SYSTEM CONTROL NUMBER | |
| System control number | (BD-RjUL)35760 |
| 040 ## - CATALOGING SOURCE | |
| Original cataloging agency | DLC |
| Transcribing agency | Wa |
| Modifying agency | DLC |
| -- | BD-RjUL |
| Language of cataloging | eng |
| 041 ## - LANGUAGE CODE | |
| Language code of text/sound track or separate title | eng |
| 082 00 - DEWEY DECIMAL CLASSIFICATION NUMBER | |
| Classification number | 306.85096073 |
| Author mark and year | RAM 1967 |
| 100 1# - MAIN ENTRY--PERSONAL NAME | |
| Personal name | Rainwater, Lee. |
| 9 (RLIN) | 108580 |
| 245 14 - TITLE STATEMENT | |
| Title | The Moynihan report and the politics of controversy : |
| Remainder of title | a Trans-action social science and public policy report / |
| Statement of responsibility, etc. | [by] Lee Rainwater [and] William L. Yancey. Including the full text of The Negro family: the case for national action by Daniel Patrick Moynihan. |
| 260 ## - PUBLICATION, DISTRIBUTION, ETC. (IMPRINT) | |
| Place of publication, distribution, etc. | Cambridge, Mass. : |
| Name of publisher, distributor, etc. | M. I. T. Press, |
| Date of publication, distribution, etc. | 1967. |
| 300 ## - PHYSICAL DESCRIPTION | |
| Pagination | xviii, 493 p. : |
| Illustrations | ill. ; |
| Size | 25 cm. |
| 500 ## - GENERAL NOTE | |
| General note | Copy 7 is an ordered replacement copy for copies missing from the shelf. |
| 504 ## - BIBLIOGRAPHY, ETC. NOTE | |
| Bibliography, etc | Includes bibliographical references. |
| 610 10 - SUBJECT ADDED ENTRY--CORPORATE NAME | |
| Corporate name or jurisdiction name as entry element | United States. |
| Subordinate unit | Department of Labor. |
| -- | Office of Policy Planning and Research. |
| 650 #0 - SUBJECT ADDED ENTRY--TOPICAL TERM | |
| Topical term or geographic name as entry element | African American families. |
| 9 (RLIN) | 60461 |
| 700 1# - ADDED ENTRY--PERSONAL NAME | |
| Personal name | Yancey, William L., |
| Relator term | joint author. |
| 942 ## - ADDED ENTRY ELEMENTS (KOHA) | |
| Source of classification or shelving scheme | Dewey Decimal Classification |
| Koha item type | Books |
| Lost status | Source of classification or shelving scheme | Damaged status | Not for loan | Collection code | Permanent Location | Current Location | Shelving location | Date acquired | Source of acquisition | Cost, normal purchase price | Total Checkouts | Full call number | Date last seen | Copy number | Koha item type |
|---|---|---|---|---|---|---|---|---|---|---|---|---|---|---|---|
| Dewey Decimal Classification | Not For Loan | Non-fiction | Central Library, University of Rajshahi | Central Library, University of Rajshahi | Reading Room | 21/07/1987 | Asia Fundation Gift | 0.00 | 306.85096073 RAM 1967 | 29/05/2014 | C-1 | Books |